| 000 | 00530nam a22001937a 4500 | ||
|---|---|---|---|
| 005 | 20141202154114.0 | ||
| 008 | 141202b xxu||||| |||| 00| 0 eng d | ||
| 020 |
_a9789351361725 _c250.00 |
||
| 040 | _aLoreto College | ||
| 082 |
_a320.954 _bKAL |
||
| 100 | _aKalam,A.P.J.Abdul | ||
| 245 |
_aA manifesto for change _cA.P.J.Abdul Kalam and V.Ponraj |
||
| 260 |
_aNoida _bHarperCollins Publishers _c2014 |
||
| 300 |
_aviii,255p _b22cm |
||
| 650 | _aIndia-Politics | ||
| 700 |
_4Auth _aPonraj,V. |
||
| 850 | _aLCLIB | ||
| 942 | _cBK | ||
| 999 |
_c39662 _d90141 |
||